| 000 | 00434cam a2200181 4500 | ||
|---|---|---|---|
| 001 | D12871 | ||
| 008 | 090401t1956 xxu||||| |||| 00| 0 eng d | ||
| 035 | _a(Sirsi) u6421 | ||
| 041 | _aeng | ||
| 100 | _aGulatee, B.L. | ||
| 245 | _aGravity data in India | ||
| 260 |
_bSurveyor General of India _c1956 |
||
| 350 | _a0 | ||
| 490 |
_aSurvey of India Technical Paper _v10 |
||
| 520 | _aShelf 181 | ||
| 942 | _n0 | ||
| 948 | _c04/03/1997 | ||
| 999 |
_c86296 _d86296 |
||